NEODNORODNYJE SREDY I TEORIJA KOLEBANIJ /

Saved in:
Bibliographic Details
Main Author: Sanchez-Palencia, Enrique
Other Authors: Žikov, V. V.
Format: Book
Language:Russian
Published: Moskva : Mir, 1984
Online Access: Get full text
Tags: Add Tag
No Tags, Be the first to tag this record!

MARC

LEADER 00000nam a2200000 4500
003 SK-BrCVT
005 20220617182245.0
008 850101s1984 rur e ||||||rus d
035 |a CVTIDW0924510 
040 |b slo  |a CVTI SR 
041 0 |a rus 
044 |a rur 
080 |a 534.01  |2 UDC-MRF 
100 1 |a Sanchez-Palencia, Enrique 
242 1 0 |a NEROVNOMERNÉ PROSTREDIA A TEÓRIA KMITOV 
245 1 0 |a NEODNORODNYJE SREDY I TEORIJA KOLEBANIJ /  |c Enrique Sanchez-Palencia ; Perevod S Angl. V. V. Žikov 
260 |a Moskva :  |b Mir,  |c 1984 
300 |a 472 S. :  |b lit. ; 
700 1 |a Žikov, V. V. 
910 |b A442752 
974 |f Knihy 
992 |a AMG 
999 |c 82521  |d 82521